| Tag |
First Indicator |
Second Indicator |
Subfields |
| LEADER |
00000pam a22000004a 4500 |
| 001 |
in00001706421 |
| 005 |
20151024154336.0 |
| 008 |
020514s2002 ne a b 000 0 eng |
| 010 |
|
|
|a 2002071079
|
| 020 |
|
|
|a 1402005490 (alk. paper)
|
| 035 |
|
|
|a (OCoLC)ocm49875029
|
| 040 |
|
|
|a DLC
|c DLC
|d UtOrBLW
|
| 042 |
|
|
|a pcc
|
| 049 |
|
|
|a TXAM
|
| 050 |
0 |
0 |
|a T57.95
|b .C67 2002
|
| 082 |
0 |
0 |
|a 658.4
|2 21
|
| 245 |
0 |
0 |
|a Cooperative control and optimization /
|c edited by Robert Murphey and Panos M. Pardalos.
|
| 264 |
|
1 |
|a Dordrecht ;
|a Boston :
|b Kluwer Academic Publishers,
|c [2002]
|
| 264 |
|
4 |
|c ©2002
|
| 300 |
|
|
|a xii, 303 pages :
|b illustrations ;
|c 25 cm.
|
| 336 |
|
|
|a text
|b txt
|2 rdacontent
|
| 337 |
|
|
|a unmediated
|b n
|2 rdamedia
|
| 338 |
|
|
|a volume
|b nc
|2 rdacarrier
|
| 490 |
1 |
|
|a Applied optimization ;
|v v. 66
|
| 504 |
|
|
|a Includes bibliographical references.
|
| 650 |
|
0 |
|a Decision making.
|
| 650 |
|
0 |
|a Mathematical optimization.
|
| 650 |
|
0 |
|a Control theory.
|
| 700 |
1 |
|
|a Murphey, Robert.
|
| 700 |
1 |
|
|a Pardalos, P. M.
|q (Panos M.),
|d 1954-
|
| 830 |
|
0 |
|a Applied optimization ;
|v v. 66.
|
| 945 |
|
|
|i PromptCat
|
| 948 |
|
|
|a cataloged
|b h
|c 2002/10/3
|d c
|e cmulkey
|f 2:49:28 pm
|
| 994 |
|
|
|a 92
|b TXA
|
| 999 |
|
|
|a MARS
|
| 999 |
f |
f |
|s 890a674c-49e1-3561-bdae-de2bf40c0ed8
|i 7fb9f961-e8b9-3033-ae7d-247933abd3da
|t 0
|
| 952 |
f |
f |
|p ric
|a Texas A&M University
|b Rellis Campus
|c Joint Library Facility
|d Remote Storage
|t 0
|e T57.95 .C67 2002
|h Library of Congress classification
|i unmediated -- volume
|m A14829171647
|
| 998 |
f |
f |
|a T57.95 .C67 2002
|t 0
|l Remote Storage
|